Better sentence writing in 30 minutes a day. (Record no. 112806)
[ view plain ]
| 000 -LEADER | |
|---|---|
| fixed length control field | 00321nam a2200121 a 4500 |
| 005 - DATE AND TIME OF LATEST TRANSACTION | |
| control field | 20140414131952.0 |
| 008 - FIXED-LENGTH DATA ELEMENTS--GENERAL INFORMATION | |
| fixed length control field | 110207s19uu xx 00 eng d |
| 050 ## - LIBRARY OF CONGRESS CALL NUMBER | |
| Classification number | TR 420.7 |
| Item number | C15 1995 |
| 100 ## - MAIN ENTRY--PERSONAL NAME | |
| Personal name | Campbell, Dianna |
| 245 ## - TITLE STATEMENT | |
| Title | Better sentence writing in 30 minutes a day. |
| 260 ## - PUBLICATION, DISTRIBUTION, ETC. (IMPRINT) | |
| Name of publisher, distributor, etc | Career, |
| Date of publication, distribution, etc | 1995. |
| Withdrawn status | Lost status | Damaged status | Home library | Current library | Shelving location | Date acquired | Total Checkouts | Full call number | Barcode | Date last seen | Price effective from | Koha item type |
|---|---|---|---|---|---|---|---|---|---|---|---|---|
| Munich Library | Munich Library | Teachers Reference Section | 02/07/2011 | TR 420.7 C15 1995 | M4196 | 04/14/2014 | 04/14/2014 | Books |